| 000 | 01038nam a2200277 u 4500 | ||
|---|---|---|---|
| 001 | 000020328 | ||
| 003 | DO-SdBNP | ||
| 005 | 20210916150415.0 | ||
| 008 | 100813s 2015 dr r 000 0 spa d | ||
| 020 | _a9789945082944 | ||
| 040 |
_aDO-SdBNP _bspa _cBNPHU |
||
| 082 | 4 |
_aBNPHU 927.8 _bP762m |
|
| 100 | 1 |
_aPolanco, Fausto, _d1968- _942975 |
|
| 245 | 1 | 0 |
_aMerengueros / _cFausto Polanco; colaboradores y cordinación Evelyn Estrella ... [et al.]. |
| 260 |
_aSanto Domingo : _bTalleres Serigraf, _c2015. |
||
| 300 |
_a515 p. : _bil., retrs. ; _c29 cm. |
||
| 500 | _aIncluye datos biográficos del autor en la contracubierta | ||
| 504 | _aBibliografía : p. 515 | ||
| 590 | _aLa biblioteca posee 3 ejemplares autográfiados por el autor | ||
| 590 | _aInventariado, 2021/BT | ||
| 650 | 1 | 4 |
_aMerengue (música) _zRepública Dominicana _xHistoria _942976 |
| 650 | 1 | 4 |
_aMusicos _zRepública Dominicana _vBIOGRAFÍAS _942977 |
| 700 | 1 |
_aEstrella, Evelyn, _ecolaborador _942978 |
|
| 910 | _aValidado. Control de calidad MFF | ||
| 942 |
_2ddc _cLBS1 |
||
| 999 |
_c19832 _d19832 |
||